Statistics for FIFA 22 Headliners

Click here to take the quiz!

General Stats

  • This quiz has been taken 54 times
    (45 since last reset)
  • The average score is 31 of 37

Answer Stats

ClubPositionRatingAnswer% Correct
PSGST93Kylian Mbappe
100%
ChelseaRWB87Reece James
100%
LiverpoolCB91Virgil Van Dijk
100%
LiverpoolRW93Mohamed Salah
97%
RB LeipzigCAM89Christopher Nkunku
95%
Man CityRB90Joao Cancelo
95%
Bayern MunichCDM91Joshua Kimmich
95%
NapoliCB89Kalidou Koulibaly
95%
SevillaLB88Marcos Acuna
95%
Atletico MadridLM88Yannick Carrasco
95%
ArsenalGK85Aaron Ramsdale
92%
Bayern MunichRM88Serge Gnabry
92%
Real MadridLW88Vinicius
92%
MarseilleCF86Dimitri Payet
89%
LensRWB86Jonathan Clauss
89%
PortoLM87Luis Diaz
89%
Inter MilanCM88Nicolo Barella
89%
LensCM88Seko Fofana
89%
Eintracht FrankfurtGK88Kevin Trapp
87%
Borussia DortmundCAM86Julian Brandt
84%
Bayer LeverkusenST85Patrik Schick
84%
AC MilanLW86Rafael Leao
84%
AtalantaST85Duvan Zapata
82%
Hellas VeronaST88Giovanni Simeone
82%
PSVCDM86Ibrahim Sangare
82%
West HamCAM86Said Benrahma
82%
SampdoriaRM85Antonio Candreva
79%
MontpellierCM87Teji Savanier
79%
RennesST88Gaetan Laborde
76%
Aston VillaST86Ollie Watkins
76%
Borussia MonchengladbachCDM86Denis Zakaria
74%
FulhamCAM84Harry Wilson
74%
KolnST72Anthony Modeste
71%
AlavesST84Joselu
68%
BolognaCB85Arthur Theate
66%
FreiburgCB72Nico Schlotterbeck
63%
Real SociedadCB84Aritz Elustondo
45%

Score Distribution

Percentile by Number Answered

Percent of People with Each Score

Your Score History

You have not taken this quiz since the last reset